Tablice Rejestracyjne Województwa Wielkopolskiego - Statystyki

Ogólne statystyki
  • Ten quiz został rozwiązany 165 razy
  • Średni wynik to 33 z 35
Statystyki odpowiedzi
Powiat Tablica Rejestracyjna % Poprawnych
Kalisz PK | PA
99%
chodzieski PCH
98%
gnieźnieński PGN
98%
jarociński PJA
97%
czarnkowsko-trzcianecki PCT
96%
gostyński PGS
96%
Leszno PL
96%
Konin PN | PKO
96%
Poznań PO | PY
96%
kaliski PKA
95%
kępiński PKE
95%
kolski PKL
94%
ostrowski POS
94%
poznański POZ | PZ
94%
turecki PTU
94%
krotoszyński PKR
93%
leszczyński PLE
93%
obornicki POB
93%
pilski PP
93%
średzki PSR
93%
szamotulski PSZ
93%
grodziski PGO
92%
koniński PKN
92%
ostrzeszowski POT
92%
rawicki PRA
92%
wolsztyński PWL
92%
wrzesiński PWR
92%
złotowski PZL
92%
kościański PKS
91%
słupecki PSL
91%
wągrowiecki PWA
90%
nowotomyski PNT
89%
śremski PSE
89%
międzychodzki PMI
88%
pleszewski PPL
84%
Nie znaleziono quizów pasujących do podanych kryteriów
Rozkład punktacji
Procent ludzi z każdym wynikiem
Percentyl według liczby udzielonych odpowiedzi
Twoja historia wyników
Nie rozwiązałeś tego quizu